| 000 | 00920cam a2200277 a 4500 | ||
|---|---|---|---|
| 001 | 000009859 | ||
| 005 | 20200929161733.0 | ||
| 008 | 760428s1977 sp b 000 p spa | ||
| 020 | _a8432238317 | ||
| 035 | _a(DLC) 76459977 | ||
| 040 |
_aDO-SdBNP _bspa _cDLC _dBNPHU |
||
| 082 |
_a861.64 _bA366v, 1977 |
||
| 100 | 1 |
_aAleixandre, Vicente, _d1898-1984. _914070 |
|
| 245 | 1 | 0 |
_aAntología total / _cVicente Aleixandre ; selección y prólogo, Pere Gimferrer. |
| 250 | _a2a ed. | ||
| 260 |
_aBarcelona : _bSeix Barral, _c1977. |
||
| 300 |
_a411 p. ; _c20 cm. |
||
| 490 | 1 |
_aBiblioteca breve de bolsillo _v30 _aMayor |
|
| 500 | _a2da reimpresión, abril de 1978. | ||
| 650 | 4 |
_aPoesía española _9631 |
|
| 650 | 4 |
_aLiteratura española _ySIGLO XX _93326 |
|
| 700 | 1 |
_aGimferrer, Pere, _epról. _99888 |
|
| 830 | 0 |
_aBiblioteca breve de bolsillo ; _v30, _pMayor _924794 |
|
| 910 | _aCatalogación derivada | ||
| 049 | _aBNGR | ||
| 999 |
_c9618 _d9618 |
||